000 00769nam a2200229Ii 4500
003 JO-AjNU
008 230605s9999||||xx |||||||||||||| ||und||
017 _a2005/12/2807
020 _a9957-466-11-9
040 _aJO-AjNU
_bara
_erda
_cJO-AjNU
041 _aara
050 1 4 _aBP173.75.K4234 2006
100 3 _aخلف، فليح حسن,
_eauthor
_928353
245 0 0 _aالبنوك الإسلامية
250 _aط1
264 3 1 _aاربد: عالم الكتب الحديث للنشر والتوزيع، 2006
300 _a436ص
_bالمراجع ص427-436
336 _atext
_btxt
_2rdacontent
337 _aunmediated
_bn
_2rdamedia
338 _avolume
_bnc
_2rdacarrier
650 4 _aالبنوك الاسلامية - الاقتصاد الاسلامي
_928354
999 _aA10987
_c14555
_d14555